Owoce tropikalne (mało popularne w Polsce) - Statystyki

Ogólne statystyki
  • Ten quiz został rozwiązany 74 razy
  • Średni wynik to 5 z 16
Statystyki odpowiedzi
Obrazkowy Odpowiedź % Poprawnych
Liczi
84%
Smoczy owoc
83%
Papaja
76%
Marakuja
68%
Kaki
51%
Karambola
41%
Pomelo
30%
Miechunka/Physalis
25%
Kumkwat
24%
Mangostan
19%
Kiwano
16%
Opuncja figowa
11%
Guawa
10%
Longan
2%
Młody kokos
2%
Feijoa
0%
Nie znaleziono quizów pasujących do podanych kryteriów
Rozkład punktacji
Procent ludzi z każdym wynikiem
Percentyl według liczby udzielonych odpowiedzi
Twoja historia wyników
Nie rozwiązałeś tego quizu